| 000 | 00544nam a22001932 4500 | ||
|---|---|---|---|
| 001 | 0000012132 | ||
| 005 | 20140825164437.0 | ||
| 008 | 080524s1981 tnu b 000 0 eng d | ||
| 020 | _a0805462279 (pbk.) | ||
| 040 | _aPUL | ||
| 100 | 1 | _aMiles, Delos. | |
| 245 | 1 | 0 |
_aChurch growth, a mighty river / _cDelos Miles. |
| 260 |
_aNashville, Tenn. : _bBroadman Press, _cc1981. |
||
| 300 |
_a167 p. ; _c21 cm. |
||
| 504 | _aIncludes bibliographical references. | ||
| 650 | 0 | _aChurch growth. | |
| 908 | _a080524 | ||
| 050 |
_aBV652.25 _b.M54 1981 |
||
| 999 |
_c11595 _d11595 |
||